000
00363nam a2200169Ia 4500
003
0STCL
008
150530s9999 xx 000 0 und d
040
_a
STCL
_c
STCL
100
_a
Pandalai K M
245
_a
Shastratinte Maruvasham
260
_c
1997
300
_a
0
546
_a
Malayalam
942
_2
ddc
_c
BK
999
_c
17718
_d
17718
005
20220125165813.0